Jamboree: construis ton propre village mondial du development

保存先:
書誌詳細
団体著者: UNICEF (著者)
フォーマット: 図書
言語:フランス語
出版事項: La Haya Van Holkema and Warendorf 1995
主題:
タグ: タグ追加
タグなし, このレコードへの初めてのタグを付けませんか!

MARC

LEADER 00000nam a2200000 a 4500
001 UCP9537
003 CL-VaPUC
008 000331e19950000NE |||||||||||||||||fre|d
082 0 4 |a 369.43  |b UNI  |2 21 
110 2 |a UNICEF  |e author  |9 440166 
245 1 0 |a Jamboree: construis ton propre village mondial du development 
300 |a 83 p 
942 |c BK 
945 |d 20000331 00:00:00  |a rbrito 
260 |a La Haya  |b Van Holkema and Warendorf  |c 1995 
650 7 |a BOYS-SCOUTS  |2 CL-VaPUC  |9 440167 
583 |a last modification  |c 20000331 00:00:00  |k Rodrigo Vera 
999 |c 286346  |d 286344 
952 |0 0  |1 0  |4 0  |6 369_430000000000000_UNI_1995  |7 0  |8 P  |9 332126  |a BIBEDU  |b BIBEDU  |c BIBEDU_PB  |d 2019-11-20  |i 3600130  |o 369.43 UNI 1995  |p 3600130  |r 2024-01-25  |w 2019-11-20  |y BK  |k BME